Návrh marketingových aktivít aplikovaných podľa modelu EFQM v neziskovej organizácii : Diplomová práca

Uložené v:
Podrobná bibliografia
Hlavný autor: Konečná, Helena (Autor)
Ďalší autori: Šalgovičová, Jarmila, 1950- (xxx)
Médium: Rukopis Kniha
Jazyk:Slovak
Vydavateľské údaje: Trnava : STU v Bratislave MtF KIK, 2004
Predmet:
Tagy: Pridať tag
Žiadne tagy, Buďte prvý, kto otaguje tento záznam!

MARC

LEADER 00000ntm a22000003a 4500
001 stu88703
005 20160719154719.7
008 040713s2004----xo------------------slo-d
040 |a STU  |b slo 
041 0 |a slo 
044 |a xo 
100 1 |a Konečná, Helena  |4 aut 
245 1 |a Návrh marketingových aktivít aplikovaných podľa modelu EFQM v neziskovej organizácii :  |b Diplomová práca 
260 |a Trnava :  |b STU v Bratislave MtF KIK,  |c 2004 
300 |a 81 s  |c príl 
650 7 |a inžinierstvo kvality produkcie  |2 stusub 
650 7 |a kvalita  |2 stusub 
650 7 |a EFQM  |2 stusub 
700 1 |a Šalgovičová, Jarmila,  |d 1950-  |4 xxx  |u M4000  |U MTF Materiálovotechnologická fakulta  |T MTF Ústav priemyselného inžinierstva a manažmentu  |X 1492  |U M4000  |Y 84  |7 A000001492 
996 |b 284M059668  |c M*DP-4930  |l MMSKP  |s P  |a 0  |w stu88703_0001